000 00559nam a2200193 i 4500
001 145922
003 ES-MaACL
005 20230906201346.0
007 t|
008 071018s1966 sp f d |||| | spa d
080 _a082.22(038)
100 1 _aVega, Vicente.
_9113585
245 1 0 _aDiccionario ilustrado de frases célebres y citas literarias /
_cVicente Vega.
250 _a4ª ed.
260 _aBarcelona :
_bGustavo Gili,
_c1966.
300 _aXV, 940 p., 44 lám. ;
_c22 cm.
650 4 _aCitas-
_vDiccionarios.
_911062
852 _aES-MaACL
_jC-30945
999 _c145922
_d145922